Guía de turismo cultural en Castilla y León : las huellas del hombre /

Wedi'i Gadw mewn:
Manylion Llyfryddiaeth
Prif Awdur: Peral, Roberto (texto)
Awduron Eraill: Simón, Miguel (texto) (texto)
Fformat: Llyfr
Iaith:Sbaeneg
Cyhoeddwyd: Valladolid, España : Junta de Castilla y León, Consejería de Cultura y Turismo, 2002
Tagiau: Ychwanegu Tag
Dim Tagiau, Byddwch y cyntaf i dagio'r cofnod hwn!

MARC

LEADER 00000nam^a2200000^a^4500
001 000593369
005 20250521000000.0
009 20260310133006.267
037 |a Acervo ITESO - Biblioteca 
041 |a ESP 
091 |a FCR. 01423 
100 |a Peral, Roberto  |e (texto) 
245 1 0 |a Guía de turismo cultural en Castilla y León :  |b las huellas del hombre / 
264 1 |a Valladolid, España :  |b Junta de Castilla y León, Consejería de Cultura y Turismo,  |c 2002 
300 |a 224 p. 
336 |a texto  |b txt  |2 rdacontenido 
337 |a sin mediación  |b n  |2 rdamedio 
338 |a volumen  |b nc  |2 rdasoporte 
649 |a XX 
700 |a Simón, Miguel  |e (texto) 
910 |a Fondo Cristina Romo Gil 
920 |a Impresos - Libros 
930 |a Fondos Especiales 
905 |a 143 
901 |a 593597-10  |b IT2  |c ESP  |i D121506  |u 20250521 
902 |a https://opac.biblio.iteso.mx/vufind/Record/000593369